| 000 | 00594nam a2200229Ia 4500 | ||
|---|---|---|---|
| 003 | OSt | ||
| 005 | 20220928101757.0 | ||
| 006 | a|||||r|||| 00| 0 | ||
| 007 | ta | ||
| 008 | 220927b |||||||| |||| 00| 0 eng d | ||
| 024 | _a56594 | ||
| 037 | _cTextual | ||
| 040 |
_aSDCL _cSDCL _beng |
||
| 041 |
_2eng _aeng |
||
| 082 | _aO152,3N425,1, M8 | ||
| 100 |
_aTrivedi Pramod _9395069 |
||
| 245 | 0 | _aAntatogatvaa. | |
| 260 |
_aNew Delhi _bVani Prakashan _c1988 |
||
| 300 |
_a126p _ccm. |
||
| 942 |
_hO152,3N425,1, M8 _cTEXL _2CC |
||
| 999 |
_c710693 _d710693 |
||